000 00747nam a22002297a 4500
999 _c8442
_d8442
003 AR-CdUCM
008 190325b ||||| |||| 00| 0 spa d
040 _aMUNICIPALIDAD PROVINCIAL DEL CUSCO
_cBIBLIOTECA MUNICIPAL DEL CUSCO
082 _a985.01 /
_bG24
100 _a Garcilaso de la Vega, Inca
_92774
245 _aEl Inca Garcilaso de la Vega :
_bAntologia /
260 _bEdiciones Fe,
_c1945.
300 _atomos ;
_c17 cm.
440 _aBreviarios del pensamiento español.
_923693
500 _aDonación familia Nieto.
650 _aHistoria Perú
_94248
650 _aÉpoca Prehispánica
_92714
650 _aIncas
_9303
700 _aFernandez-Flores, Dario (selección y prólogos)
_923694
942 _2ddc
_cLIBROS
945 _azta